000 00747nam a2200229Ia 4500
003 OSt
005 20220923220811.0
006 a|||||r|||| 00| 0
007 ta
008 220922b |||||||| |||| 00| 0 hin d
024 _a190,571
037 _cTextual
040 _aARTS
_cARTS
_bhin
041 _2hin
_ahin
082 _aR6, 152K6(TTPH)
100 _aनरवणे, विश्वनाथ
245 0 _aआघुनिक भारतीय चिन्तन, अनु नेमिचन्द्र जैन
246 _aĀghunik bhāratīya chintana, anu0 nemichandra jaina
260 _c1966
942 _hR6, 152K6(TTPH)
_cTEXL
_2CC
999 _c343346
_d343346